| 000 | 00558nam a22002171a 4500 | ||
|---|---|---|---|
| 001 | 3325 | ||
| 003 | OSt | ||
| 005 | 20260204211846.0 | ||
| 008 | 040822s1990||||sp ||||||b||||||||||spa|| | ||
| 020 | _a842073929 | ||
| 050 | _a813.5 W155b | ||
| 082 | _a808.83 W155b | ||
| 100 | _aWallace, Lewis | ||
| 245 | _aBen-Hur: Una historia de los tiempos de Cristo / Lewis Wallace | ||
| 264 | _aEspaña : ANAYA | ||
| 300 | _a640 p | ||
| 490 | _aSerie tus libros No.103 | ||
| 500 | _aIncluye bibliografía | ||
| 650 | _aNovela EstadounidenseÌ | ||
| 942 |
_2ddc _cBK |
||
| 999 |
_c3325 _d3325 |
||